ბათუმის შოთა რუსთაველის სახელმწიფო უნივერსიტეტის ბიბლიოთეკა

Конструкций зданий сооружений. (ბიბ.ჩანაწერი № 40886)

000 -LEADER
fixed length control field 00644nam a2200217Ia 4500
001 - CONTROL NUMBER
control field 7530
003 - CONTROL NUMBER IDENTIFIER
control field GE_BSU
008 - FIXED-LENGTH DATA ELEMENTS--GENERAL INFORMATION
fixed length control field 181216s||||||||xx |||||||||||||| ||und||
040 ## - CATALOGING SOURCE
Transcribing agency GE_BSU
080 ## - UNIVERSAL DECIMAL CLASSIFICATION NUMBER
Universal Decimal Classification number 624.04
100 ## - MAIN ENTRY--PERSONAL NAME
Personal name Иванов,В.Ф. Онуфриев,Н.М.
245 ## - TITLE STATEMENT
Title Конструкций зданий сооружений.
245 ## - TITLE STATEMENT
Statement of responsibility, etc. Ред.науч. В.М.Карро, А.Г.Марголин.
260 ## - PUBLICATION, DISTRIBUTION, ETC.
Place of publication, distribution, etc. Л.
260 ## - PUBLICATION, DISTRIBUTION, ETC.
Name of publisher, distributor, etc. Стройиздат.
260 ## - PUBLICATION, DISTRIBUTION, ETC.
Date of publication, distribution, etc. 1965.
300 ## - PHYSICAL DESCRIPTION
Extent 487стр. с илл. 26см.
300 ## - PHYSICAL DESCRIPTION
Accompanying material табл.
653 ## - INDEX TERM--UNCONTROLLED
Uncontrolled term Конструкций зданий сооружений.
942 ## - ADDED ENTRY ELEMENTS (KOHA)
Koha item type წიგნი
ეგზემპლარები
Withdrawn status Lost status Damaged status Not for loan Date acquired Barcode Date last seen Price effective from Koha item type
        2018-12-17 10105 2018-12-17 2018-12-17 წიგნი